Учебное пособие по курсу "Теория и практика решения изобретательских задач". Вып. 1 (Запись № 6594726)
[ простой вид ]
| 000 -МАРКЕР | |
|---|---|
| контрольное поле | 01334nam2a22002411 4500 |
| 001 - ИДЕНТИФИКАТОР ЗАПИСИ | |
| контрольное поле | rc\380883 |
| 005 - ИДЕНТИФИКАТОР ВЕРСИИ | |
| контрольное поле | 20250621064515.0 |
| 035 ## - ДРУГИЕ СИСТЕМНЫЕ НОМЕРА | |
| Идентификатор записи | (NLR Aleph) 005633300 |
| 100 ## - ДАННЫЕ ОБЩЕЙ ОБРАБОТКИ | |
| Данные общей обработки | 20030307d1989 |||y0rusy50 ca |
| 101 0# - ЯЗЫК РЕСУРСА | |
| Язык текста, звукозаписи и т.д. | русский |
| 102 ## - СТРАНА ПУБЛИКАЦИИ ИЛИ ПРОИЗВОДСТВА | |
| Страна публикации | Российская Федерация |
| 105 ## - ПОЛЕ КОДИРОВАННЫХ ДАННЫХ: ТЕКСТОВЫЕ МАТЕРИАЛЫ, МОНОГРАФИЧЕСКИЕ | |
| Кодированные данные о монографическом текстовом документе | a ||||||||| |
| 200 0# - ЗАГЛАВИЕ И СВЕДЕНИЯ ОБ ОТВЕТСТВЕННОСТИ | |
| Основное заглавие | Вып. 1 |
| 210 ## - ПУБЛИКАЦИЯ, РАСПРОСТРАНЕНИЕ И ДР. | |
| Дата издания, распространения и т.д. | 1989 |
| Место издания, распространения и т.д. | Б. м. |
| 215 ## - ФИЗИЧЕСКАЯ ХАРАКТЕРИСТИКА | |
| Специфическое обозначение материала и объем | 147 с. |
| Другие сведения о физической характеристике | ил. |
| 320 ## - ПРИМЕЧАНИЯ О НАЛИЧИИ В ДОКУМЕНТЕ БИБЛИОГРАФИИ / УКАЗАТЕЛЯ | |
| Текст примечания | Библиогр.: с. 146 |
| 461 #0 - УРОВЕНЬ НАБОРА | |
| Встроенное поле | 001rc\380882 |
| -- | 2001#$aУчебное пособие по курсу "Теория и практика решения изобретательских задач"$f[В.С. Сенкевич, к. э. н.]$gПод ред. С.Г. Перевозчикова$gЦентр. ин-т повышения квалификации руководящих работников и специалистов, Центр. науч.-техн. творчества молодежи "Пульсар"$vВып. 1 |
| -- | 700#1$aСенкевич$bВ.С. |
| Системный номер (АБИС) связанной записи | 6594719 |
| Автор | Сенкевич, В.С. |
| Место публикации | Обнинск |
| Дата публикации | 1989 |
| Первые сведения об ответственности | [В.С. Сенкевич, к. э. н.] |
| Имя издателя, распространителя и т.д. | [б.и.] |
| Заглавие | Учебное пособие по курсу "Теория и практика решения изобретательских задач" |
| Номер тома | Вып. 1 |
| 801 #0 - ИСТОЧНИК ЗАПИСИ | |
| Страна | Российская Федерация |
| Организация | NLR |
| Правила каталогизации | psbo |
| 801 #1 - ИСТОЧНИК ЗАПИСИ | |
| Страна | Российская Федерация |
| Организация | ELAR |
| Источник данных | rusmarc |
| 852 ## - МЕСТОНАХОЖДЕНИЕ И ШИФР ХРАНЕНИЯ | |
| Идентификатор организации | NLR |
| Шифр хранения (Call Number) | 89-3/13540 |
| 942 ## - ДОПОЛНИТЕЛЬНЫЕ ЭЛЕМЕНТЫ ЗАПИСИ (АБИС) | |
| Тип экземпляра АБИС | Книга |
| 980 ## - КОЛЛЕКЦИЯ | |
| Название коллекции | Национальная библиография |
| Тип экземпляра | Дата поступления | Библиотека постоянного хранения | Библиотека текущего хранения | Место хранения | Шифр хранения | Штрих-код | Статус экземпляра |
|---|---|---|---|---|---|---|---|
| Книга | 26.10.2013 | РНБ (Московский) | РНБ (Московский) | Русский книжный фонд: издания с 1957 года | 89-3/13540 | 5633300-10 |